Countries with the most vowels - Statistics

General Stats
  • This quiz has been taken 15 times
  • The average score is 6 of 10
Answer Stats
vowels country % Correct
10 United States of America
93%
9 Democratic Republic of the congo
86%
14 Federated states of Micronesia
79%
8 Antigua and Barbuda
64%
9 Saint Vincent and the Grenadines
64%
11 United Arab Emirates
64%
10 Bosnia and Herzegovina
57%
8 Papua New Guinea
50%
8 Sao tome and principe
21%
10 Equatorial Guinea
14%
No matching quizzes found
Score Distribution
Percent of People with Each Score
Percentile by Number Answered
Your Score History
You have not taken this quiz